Регионална библиотека "Любен Каравелов" - Русе

По земята (Запис номер 341744)

MARC детайли
000 -Лидер
Контролно поле с фиксирана дължина nam a22 a 4500
003 - Код на организацията, давaща контролен номер
Контролно поле BLK
005 - Дата и час на последна редакция
Контролно поле 20210805083816.0
008 - Елементи от данни с фиксирана дължина
fixed length control field 180911b bul|||||r ||||||| ||bul||
010 ## - Наследен системен номер
LC control number 001374
040 ## - Източник на каталожния запис
Идентификатор на билиотеката - собственик на записа BLK
041 ## - Код за език
Код за езика на текст/звукозапис или на отделно заглавие Български
Код за езика КДБФ Български
080 ## - УДК
УДК - код + определител 821.163.2-992
Текстов определител УДК Българска литература
УДК код - определител по УДК 821.163.2
УДК определител -992
100 ## - Редна дума - Автор
Автор Константинов, Константин Илиев
Авторска отговорност първи автор
R(LIN) 421250
139 ## - Редно поле
Редна дума Константинов, Константин Илиев
245 00 - Сведения за заглавието
Заглавие По земята
Подзаглавни данни [Пътеписи]
Редно поле (дума) Константин Константинов.
246 ## - Различни форми на заглавието
Паралелно заглавие Разкази
Наименование на поредна част от произведението епос-разкази
260 ## - Област на издателските данни
Място на издаване, разпространение и проч. София
Година на издаване 1930
Печатница (София : С. М. Стайков)
300 ## - Физическа характеристика
Страници 120 с
Размери/Мащаб 21 см
380 ## - Жанр
Жанр Худож. лит.
490 ## - СЕРИИ (Колекции)
Име на серия Частна колекция - Академик Михаил Арнаудов
Бележки за серията Дарение - Основен фонд
500 ## - Общи забележки
Забележка Автограф с текст: На г. Мих. Арнаудов, с чувство на уважение и приятелство К Константинов 2. I. 1931. С-я
650 ## - Допълнително описание по предмет – тема
Основно описание – тема или топоним Проза
9 (RLIN) 167961
653 ## - Ключова дума – ненормативна
Ключова дума епос
653 ## - Ключова дума – ненормативна
Ключова дума разкази
655 ## - Ключова дума – жанр/разновидност
Данни за жанр/разновидност или ключова дума за фокус българска литература
700 1# - Други автори (авторска отговорност)
Лично име Константинов, Константин
Дати, свързани с автора 20.08.1890 – 03.01.1970
Друга информация Константин Константинов е български писател и преводач. Завършва Правния факултет на Софийския университет. От ноември 1911 до април 1912 г. живее в Париж, където се запознава и сприятелява със символиста Николай Лилиев. Константинов работи като съдия, адвокат, юрисконсулт. Първите му литературни опити са от 1907 г. През 1914 г. издава сп. „Звено“ заедно с Димчо Дебелянов и Димитър Подвързачов. В периода август – септември 1944 г. е директор на Радио „София“. Избиран е за председател на секция „Литература“ в Камарата за наука и изкуство и за председател на Съюза на българските писатели. Константинов е автор на разкази и пътеписи, на детска литература, както и на романа „Кръв“.
Пълна форма на името Константин Константинов
9 (RLIN) 397076
852 ## - Местоположение
Форматна сигнатура МА 521
Фондова буква Фонд "Михаил Арнаудов"
852 ## - Местоположение
Форматна сигнатура Цб 8.205.2003
Фондова буква Хранилище
999 ## - СИСТЕМНИ КОНТРОЛНИ НОМЕРА
Koha biblionumber 341744
Koha biblioitemnumber 341744
942 ## - АРТИКУЛИ
Вид на библиотечния материал Книги
Скрит в OPAC Не
Периодичен библиозапис Да
944 ## - СЪЗДАВАНЕ И РЕДАКЦИЯ на ЗАПИСА
Създаване/Редакция Създаване
Дата на регистрацията/редакция 1995
Служител, извършил регистрацията/редакцията ValK
944 ## - СЪЗДАВАНЕ И РЕДАКЦИЯ на ЗАПИСА
Създаване/Редакция Редакция
Дата на регистрацията/редакция 2021-08-05
Служител, извършил регистрацията/редакцията Ренета Константинова
Наличности
Код за отписване Код за изгубен артикул Източник на класификационната схема Код за повреда Коз за рестрикции Код за отдаване Артикулен № Име на библиотеката - собственик Име на библиотеката, в която се намира в момента Статус (Текущо местоположение) Местоположение - отдел Цена в лева Номерация (Хронология) Инвентарен номер Систематично азбучна сигнатура Баркод Номер на екземпляра Цена в евро Служебен тип на артикула Дата на вписване в системата
  Не е изгубен Universal Decimal Classification Не е повреден само за читалня Специални фондове ( старопечатни, редки и ценни, фонд М. Арнаудов) 741735 Регионална библиотека "Любен Каравелов" Русе Регионална библиотека "Любен Каравелов" Русе Фонд "Михаил Арнаудов" Фонд "Михаил Арнаудов" 5.00 Автограф: Константин Константинов 587416 МА 521 120000587416 1 2.56 Книги  
  Не е изгубен Universal Decimal Classification Не е повреден само за читалня ползва се в читалня 846924 Регионална библиотека "Любен Каравелов" Русе Регионална библиотека "Любен Каравелов" Русе Хранилище Основен фонд - ползва се само за читалня 0.10   2003 Цб 8.205.2003 900000072272   0.05 Книги 2021-08-06
Vip Innovations Ltd, Rousse, Bulgaria 2025